[Event "LSS No Engine Cup 200 Final"]
[Site "LSS email"]
[Date "2020.11.20"]
[Round "?"]
[White "Laudati, Lelio"]
[Black "Colibaba, Alexandr"]
[Result "1/2-1/2"]
[WhiteElo "1600"]
[BlackElo "2224"]
[PlyCount "82"]
[EventDate "2020.11.20"]
[EventType "tourn (corr)"]
[EventRounds "6"]
[EventCountry "GER"]
[SourceTitle "Corr 2022"]
[Source "ChessBase"]
[SourceDate "2021.10.24"]
[SourceVersion "1"]
[SourceVersionDate "2021.10.24"]
[SourceQuality "1"]

1. d4 Nf6 2. Bf4 d5 3. e3 c5 4. Nf3 Nc6 5. c3 Qb6 6. Qb3 c4 7. Qxb6 axb6 8. Na3 Bf5 9. Nh4 Bd7 10. Nf3 Na7 11. Ne5 Bf5 12. f3 e6 13. b4 h5 14. e4 Bh7 15. Naxc4 dxc4 16. Nxc4 Nd7 17. a4 Be7 18. h4 f6 19. Kd2 Nc6 20. Bg3 0-0 21. Ne3 Kh8 22. Bb5 Rad8 23. Rhd1 f5 24. exf5 e5 25. d5 Na7 26. Kc2 Nxb5 27. axb5 Bxf5+ 28. Kb3 Bd6 29. Ra7 Rb8 30. Re1 Bc7 31. Nxf5 Rxf5 32. c4 Bd6 33. Ra2 g5 34. hxg5 Rxg5 35. Bh4 Rg6 36. Rh1 Kg7 37. Rh3 Kf7 38. Be1 Rg5 39. Bh4 Rg7 40. Be1 Rh7 41. Bf2 Be7 1/2-1/2

[Event "WC-2020-S-00003"]
[Site "LSS email"]
[Date "2020.06.08"]
[Round "?"]
[White "Aberbach Peltzman, Angel"]
[Black "Colibaba, Alexandr"]
[Result "1/2-1/2"]
[WhiteElo "2266"]
[BlackElo "2283"]
[PlyCount "49"]
[EventDate "2020.06.08"]
[EventType "tourn (corr)"]
[EventRounds "12"]
[EventCountry "GER"]
[SourceTitle "Corr 2024"]
[Source "ChessBase"]
[SourceDate "2023.10.19"]
[SourceVersion "1"]
[SourceVersionDate "2023.10.19"]
[SourceQuality "1"]

1. d4 Nf6 2. c4 g6 3. Nc3 Bg7 4. e4 d6 5. Nf3 0-0 6. Be2 e5 7. 0-0 exd4 8. Nxd4 Re8 9. f3 Nc6 10. Be3 Nh5 11. Nc2 Be5 12. g3 f5 13. Nd5 Bxb2 14. Rb1 Bg7 15. g4 f4 16. Bf2 Nf6 17. Nxf4 Nd7 18. h4 Nc5 19. Qd2 Ne5 20. h5 Qf6 21. hxg6 hxg6 22. Kg2 c6 23. Be3 Be6 24. Nxe6 Qxe6 25. Nd4 1/2-1/2

[Event "WC-2020-S-00003"]
[Site "LSS email"]
[Date "2020.06.08"]
[Round "?"]
[White "Corti, Horacio"]
[Black "Colibaba, Alexandr"]
[Result "1/2-1/2"]
[WhiteElo "2263"]
[BlackElo "2283"]
[PlyCount "78"]
[EventDate "2020.06.08"]
[EventType "tourn (corr)"]
[EventRounds "12"]
[EventCountry "GER"]
[SourceTitle "Corr 2024"]
[Source "ChessBase"]
[SourceDate "2023.10.19"]
[SourceVersion "1"]
[SourceVersionDate "2023.10.19"]
[SourceQuality "1"]

1. d4 Nf6 2. Nf3 g6 3. c4 Bg7 4. Nc3 0-0 5. e4 d6 6. Be2 e5 7. 0-0 exd4 8. Nxd4 Re8 9. f3 Nc6 10. Be3 Nh5 11. Nxc6 bxc6 12. Qd2 c5 13. Rad1 Bb7 14. Nd5 a5 15. a4 Qb8 16. b3 Bc8 17. Rb1 c6 18. Nf4 Nxf4 19. Bxf4 Bd4+ 20. Kh1 Be6 21. Bd3 f6 22. Bc2 Bf7 23. Rbe1 Rd8 24. Qe2 Ra7 25. Bg3 Re7 26. h3 Qb4 27. Rb1 d5 28. Bd3 Kg7 29. Qc2 Qc3 30. Qxc3 Bxc3 31. Bf2 dxc4 32. Bxc4 Bxc4 33. bxc4 Bb4 34. Rbd1 Red7 35. Rxd7+ Rxd7 36. g4 Rd2 37. Bg3 Kf7 38. Rc1 h5 39. e5 fxe5 1/2-1/2

[Event "LSS No Engine Cup 200 Preliminary 0"]
[Site "LSS email"]
[Date "2020.02.23"]
[Round "?"]
[White "Colibaba, Alexandr"]
[Black "Kudryavtsev, Yaroslav"]
[Result "1-0"]
[WhiteElo "1745"]
[BlackElo "2012"]
[PlyCount "93"]
[EventDate "2020.02.23"]
[EventType "tourn (corr)"]
[EventRounds "6"]
[EventCountry "GER"]
[SourceTitle "Corr 2022"]
[Source "ChessBase"]
[SourceDate "2021.10.24"]
[SourceVersion "1"]
[SourceVersionDate "2021.10.24"]
[SourceQuality "1"]

1. e4 c5 2. Nf3 d6 3. Bb5+ Bd7 4. c4 Nf6 5. Nc3 Bxb5 6. cxb5 g6 7. d4 cxd4 8. Nxd4 Bg7 9. 0-0 0-0 10. Qe2 Nbd7 11. h3 Nc5 12. Rd1 Rc8 13. f3 Qa5 14. Be3 Na4 15. Nxa4 Qxa4 16. Qd2 Nd7 17. b3 Qa3 18. Rac1 Nb6 19. f4 e6 20. Kh2 d5 21. e5 Rfe8 22. Nc6 Bf8 23. Nxa7 Qxa7 24. a4 Ba3 25. Rxc8 Rxc8 26. Qf2 Qa5 27. Bxb6 Qc3 28. Qf3 Qc2 29. Qd3 Bc1 30. Qxc2 Bxf4+ 31. Kg1 Rxc2 32. a5 Ra2 33. Bc7 Be3+ 34. Kf1 Rf2+ 35. Ke1 Rxg2 36. Rd3 Bg1 37. Kf1 Rc2 38. b6 Rc1+ 39. Kg2 g5 40. b4 Ra1 41. Bd8 Kg7 42. Bxg5 Kg6 43. Be3 Bxe3 44. Rxe3 Ra2+ 45. Kf1 Ra1+ 46. Ke2 Ra2+ 47. Kd3 1-0

[Event "LSS No Engine Cup 200 Preliminary 0"]
[Site "LSS email"]
[Date "2020.02.23"]
[Round "?"]
[White "Gooner, Dug"]
[Black "Colibaba, Alexandr"]
[Result "0-1"]
[WhiteElo "1595"]
[BlackElo "1745"]
[PlyCount "37"]
[EventDate "2020.02.23"]
[EventType "tourn (corr)"]
[EventRounds "6"]
[EventCountry "GER"]
[SourceTitle "Corr 2022"]
[Source "ChessBase"]
[SourceDate "2021.10.24"]
[SourceVersion "1"]
[SourceVersionDate "2021.10.24"]
[SourceQuality "1"]

1. Nf3 Nf6 2. c4 g6 3. g3 Bg7 4. Bg2 0-0 5. 0-0 d5 6. cxd5 Nxd5 7. d4 Nb6 8. Nc3 Nc6 9. e3 Re8 10. Re1 a5 11. h3 a4 12. Rb1 h6 13. Qe2 Be6 14. b3 axb3 15. axb3 Nb4 16. Bd2 c6 17. Na4 Nc2 18. Rec1 Na3 19. Rb2 0-1

[Event "CP-2018-Q-00006"]
[Site "LSS email"]
[Date "2018.11.28"]
[Round "?"]
[White "Mesquita, Fausto Monteiro Jr"]
[Black "Colibaba, Alexandr"]
[Result "1/2-1/2"]
[WhiteElo "2170"]
[BlackElo "2274"]
[PlyCount "87"]
[EventDate "2018.12.01"]
[EventType "tourn (corr)"]
[EventRounds "6"]
[EventCountry "GER"]
[SourceTitle "Corr 2022"]
[Source "ChessBase"]
[SourceDate "2021.10.24"]
[SourceVersion "1"]
[SourceVersionDate "2021.10.24"]
[SourceQuality "1"]

1. Nf3 Nf6 2. d4 g6 3. c4 Bg7 4. Nc3 0-0 5. e4 d6 6. Be2 e5 7. 0-0 exd4 8. Nxd4 Re8 9. f3 Nc6 10. Be3 Nh5 11. Qd2 Nf4 12. Bxf4 Nxd4 13. Bg5 f6 14. Bh4 Nxe2+ 15. Nxe2 Qe7 16. b3 Qf7 17. Nc3 b6 18. Rad1 Bb7 19. Nd5 Bxd5 20. cxd5 f5 21. exf5 Qxf5 22. Rfe1 a5 23. a4 Bf6 24. Bf2 Rad8 25. h3 Kf7 26. Qc1 Rd7 27. Rxe8 Kxe8 28. Re1+ Kf8 29. Qc4 Rf7 30. Re4 g5 31. Be3 h5 32. Kf1 Be5 33. Kf2 Kg8 34. Ke2 Re7 35. Qc1 Rg7 36. Qc2 Qf6 37. Rc4 Bf4 38. Re4 Be5 39. Qd2 Qf5 40. Qd3 Qf6 41. Bd2 Kf8 42. b4 axb4 43. Bxb4 Re7 44. Kd1 1/2-1/2

[Event "WC-2018-Q-00007"]
[Site "LSS email"]
[Date "2018.09.16"]
[Round "?"]
[White "Colibaba, Alexandr"]
[Black "Cornel, Matei"]
[Result "1/2-1/2"]
[WhiteElo "2275"]
[BlackElo "2414"]
[PlyCount "51"]
[EventDate "2018.09.22"]
[EventType "tourn (corr)"]
[EventRounds "12"]
[EventCountry "GER"]
[SourceTitle "Corr 2022"]
[Source "ChessBase"]
[SourceDate "2021.10.24"]
[SourceVersion "1"]
[SourceVersionDate "2021.10.24"]
[SourceQuality "1"]

1. e4 c5 2. Nf3 d6 3. d4 cxd4 4. Nxd4 Nf6 5. Nc3 a6 6. Bg5 e6 7. f4 Qb6 8. Qd2 Qxb2 9. Rb1 Qa3 10. e5 h6 11. Bh4 dxe5 12. fxe5 g5 13. exf6 gxh4 14. Be2 Qa5 15. 0-0 Nd7 16. Kh1 Qg5 17. Rf4 e5 18. Nd5 exd4 19. Qxd4 Kd8 20. Ne7 Qe5 21. Qf2 Bxe7 22. fxe7+ Qxe7 23. Rd1 Rf8 24. Bg4 Kc7 25. Rc4+ Kb8 26. Bxd7 1/2-1/2

[Event "WC-2018-Q-00007"]
[Site "LSS email"]
[Date "2018.09.16"]
[Round "?"]
[White "Colibaba, Alexandr"]
[Black "Koch, Christian"]
[Result "1/2-1/2"]
[WhiteElo "2275"]
[BlackElo "2308"]
[PlyCount "61"]
[EventDate "2018.09.22"]
[EventType "tourn (corr)"]
[EventRounds "12"]
[EventCountry "GER"]
[SourceTitle "Corr 2022"]
[Source "ChessBase"]
[SourceDate "2021.10.24"]
[SourceVersion "1"]
[SourceVersionDate "2021.10.24"]
[SourceQuality "1"]

1. e4 c5 2. Nf3 d6 3. d4 cxd4 4. Nxd4 Nf6 5. Nc3 a6 6. Bg5 e6 7. f4 Qb6 8. Qd2 Qxb2 9. Rb1 Qa3 10. f5 Nc6 11. fxe6 fxe6 12. Nxc6 bxc6 13. Be2 Be7 14. 0-0 0-0 15. Rb3 Qc5+ 16. Be3 Qe5 17. Bf4 Qc5+ 18. Kh1 Ng4 19. h3 e5 20. Na4 Qa7 21. Nb6 exf4 22. hxg4 Be6 23. Nxa8 Bxb3 24. axb3 a5 25. Rxf4 Qxa8 26. Bc4+ Kh8 27. g3 Rxf4 28. gxf4 a4 29. bxa4 Qxa4 30. Qc3 Bf6 31. Qb3 1/2-1/2

[Event "WC-2018-Q-00007"]
[Site "LSS email"]
[Date "2018.09.16"]
[Round "?"]
[White "Wosch, Arkadiusz Janusz"]
[Black "Colibaba, Alexandr"]
[Result "1/2-1/2"]
[WhiteElo "2399"]
[BlackElo "2275"]
[PlyCount "67"]
[EventDate "2018.09.22"]
[EventType "tourn (corr)"]
[EventRounds "12"]
[EventCountry "GER"]
[SourceTitle "Corr 2022"]
[Source "ChessBase"]
[SourceDate "2021.10.24"]
[SourceVersion "1"]
[SourceVersionDate "2021.10.24"]
[SourceQuality "1"]

1. e4 c5 2. Nf3 d6 3. d4 cxd4 4. Nxd4 Nf6 5. Nc3 a6 6. Be3 Ng4 7. Bc1 Nc6 8. Nxc6 bxc6 9. Be2 Nf6 10. 0-0 g6 11. Re1 Qc7 12. Bf4 Bg7 13. Qd2 0-0 14. Bc4 a5 15. e5 Ne8 16. exd6 Nxd6 17. Bb3 e5 18. Be3 Rd8 19. Bg5 Rd7 20. Qe2 Nf5 21. Ne4 a4 22. Bc4 Nd4 23. Qd3 Ne6 24. Qf3 Nxg5 25. Nxg5 h6 26. Nxf7 Rxf7 27. Rad1 Ba6 28. Bxf7+ Qxf7 29. Qxc6 Bb7 30. Qb5 Rf8 31. f3 e4 32. fxe4 Qf4 33. Qxb7 Be5 34. Qd5+ 1/2-1/2

[Event "CP-2017-P-00036"]
[Site "LSS email"]
[Date "2017.09.27"]
[Round "?"]
[White "Borisovs, Leonids"]
[Black "Colibaba, Alexandr"]
[Result "1/2-1/2"]
[WhiteElo "2158"]
[BlackElo "2281"]
[PlyCount "42"]
[EventDate "2017.10.01"]
[EventType "tourn (corr)"]
[EventRounds "6"]
[EventCountry "GER"]
[SourceTitle "Corr 2022"]
[Source "ChessBase"]
[SourceDate "2021.10.24"]
[SourceVersion "1"]
[SourceVersionDate "2021.10.24"]
[SourceQuality "1"]

1. e4 e5 2. Nf3 Nf6 3. Nxe5 d6 4. Nf3 Nxe4 5. d4 d5 6. Bd3 Nc6 7. 0-0 Be7 8. Re1 Bg4 9. c3 f5 10. Qb3 0-0 11. Nbd2 Na5 12. Qa4 Nc6 13. Bb5 Bh4 14. g3 Bf6 15. Bxc6 bxc6 16. Qxc6 Re8 17. Ne5 Bxe5 18. dxe5 Ng5 19. f4 Nh3+ 20. Kg2 Rb8 21. c4 dxc4 1/2-1/2

[Event "WC-2017-Q-00001"]
[Site "LSS email"]
[Date "2017.08.22"]
[Round "?"]
[White "Cvak, Rudolf"]
[Black "Colibaba, Alexandr"]
[Result "1/2-1/2"]
[WhiteElo "2350"]
[BlackElo "2283"]
[PlyCount "81"]
[EventDate "2017.09.01"]
[EventType "tourn (corr)"]
[EventRounds "12"]
[EventCountry "GER"]
[SourceTitle "Corr 2022"]
[Source "ChessBase"]
[SourceDate "2021.10.24"]
[SourceVersion "1"]
[SourceVersionDate "2021.10.24"]
[SourceQuality "1"]

1. e4 e5 2. Nf3 Nf6 3. Nxe5 d6 4. Nf3 Nxe4 5. Nc3 Nxc3 6. dxc3 Be7 7. Be3 Nc6 8. Qd2 Be6 9. 0-0-0 Qd7 10. Kb1 Bf6 11. h4 0-0-0 12. Nd4 Nxd4 13. Bxd4 Be5 14. Qe3 Qa4 15. b3 Bxd4 16. cxd4 Qa5 17. Bd3 h6 18. Qf3 Kb8 19. Rhe1 Qc3 20. Qf4 Qa5 21. Qf3 Qc3 22. Qf4 Qa5 23. g3 Qh5 24. Rc1 Qg4 25. Kb2 Rde8 26. Re3 Qxf4 27. gxf4 g6 28. Rh1 Kc8 29. h5 Bd5 30. Rh2 gxh5 31. Rxh5 Rxe3 32. fxe3 Bf3 33. Rf5 Rf8 34. Rf6 h5 35. e4 Kd7 36. Rh6 Rg8 37. Kc3 Rg2 38. f5 Be2 39. a4 Bxd3 40. cxd3 Rh2 41. Rh7 1/2-1/2

[Event "CP-2017-S-00001"]
[Site "LSS email"]
[Date "2017.02.06"]
[Round "?"]
[White "Colibaba, Alexandr"]
[Black "Felicio, Clairton"]
[Result "1/2-1/2"]
[WhiteElo "2273"]
[BlackElo "2373"]
[PlyCount "73"]
[EventDate "2017.02.12"]
[EventType "tourn (corr)"]
[EventRounds "7"]
[EventCountry "GER"]
[SourceTitle "Corr 2022"]
[Source "ChessBase"]
[SourceDate "2021.10.24"]
[SourceVersion "1"]
[SourceVersionDate "2021.10.24"]
[SourceQuality "1"]

1. d4 d5 2. c4 c6 3. Nf3 Nf6 4. Nc3 dxc4 5. a4 Bf5 6. Ne5 e6 7. f3 Bb4 8. e4 Bxe4 9. fxe4 Nxe4 10. Bd2 Qxd4 11. Nxe4 Qxe4+ 12. Qe2 Bxd2+ 13. Kxd2 Qd5+ 14. Kc2 Na6 15. Nxc4 0-0 16. Qe5 f6 17. Qxd5 cxd5 18. Nd6 Rab8 19. Be2 Nb4+ 20. Kd2 Rfd8 21. Nb5 Nc6 22. Rhc1 Kf7 23. b4 a6 24. Na3 Rbc8 25. Nc2 f5 26. Rab1 Ne5 27. b5 a5 28. Nd4 Kf6 29. Ke1 g5 30. Nb3 b6 31. Nd4 Re8 32. h3 h6 33. Kd2 h5 34. Nc6 h4 35. Na7 Rxc1 36. Rxc1 Rd8 37. Bf1 1/2-1/2

[Event "CP-2017-S-00001"]
[Site "LSS email"]
[Date "2017.02.06"]
[Round "?"]
[White "Filin, Evgeny"]
[Black "Colibaba, Alexandr"]
[Result "1/2-1/2"]
[WhiteElo "2343"]
[BlackElo "2273"]
[PlyCount "115"]
[EventDate "2017.02.12"]
[EventType "tourn (corr)"]
[EventRounds "7"]
[EventCountry "GER"]
[SourceTitle "Corr 2022"]
[Source "ChessBase"]
[SourceDate "2021.10.24"]
[SourceVersion "1"]
[SourceVersionDate "2021.10.24"]
[SourceQuality "1"]

1. d4 Nf6 2. c4 g6 3. Nc3 Bg7 4. e4 d6 5. Nf3 0-0 6. h3 e5 7. d5 a5 8. Bg5 Na6 9. Bd3 Bd7 10. 0-0 Nc5 11. Bc2 Qc8 12. Be3 Nh5 13. Rb1 Nf4 14. Qd2 Bh6 15. Nh2 b6 16. b3 f5 17. exf5 Bxf5 18. Bxf5 Qxf5 19. f3 Qd3 20. Qxd3 Ncxd3 21. Ng4 Bg5 22. Rbd1 h5 23. Nf2 Nxf2 24. Kxf2 h4 25. Ne4 Bf6 26. Bxf4 exf4 27. Rfe1 Bg7 28. Ke2 Rfc8 29. Kd3 Be5 30. Nf2 a4 31. b4 c6 32. dxc6 Rxc6 33. Re4 g5 34. Ng4 Bg7 35. Re7 Rd8 36. Ke4 Rxc4+ 37. Kf5 d5 38. Rde1 Rc6 39. Ra7 d4 40. Ree7 Bh8 41. Nf2 d3 42. Rad7 Rxd7 43. Rxd7 Rc2 44. Nxd3 Ba1 45. Kg6 Kf8 46. b5 Rxa2 47. Nb4 Rxg2 48. Nc6 Re2 49. Ra7 Ke8 50. Rxa4 Bc3 51. Kxg5 Rb2 52. Re4+ Kd7 53. Ne5+ Bxe5 54. Rxe5 Rg2+ 55. Kxf4 Rg3 56. Rd5+ Ke7 57. Rh5 Rxh3 58. Rh6 1/2-1/2

[Event "CP-2016-Q-00009"]
[Site "LSS email"]
[Date "2016.11.23"]
[Round "?"]
[White "Colibaba, Alexandr"]
[Black "Szabo, Vilmos"]
[Result "1/2-1/2"]
[WhiteElo "2278"]
[BlackElo "2436"]
[PlyCount "61"]
[EventDate "2016.12.01"]
[EventType "tourn (corr)"]
[EventRounds "6"]
[EventCountry "GER"]
[SourceTitle "Corr 2022"]
[Source "ChessBase"]
[SourceDate "2021.10.24"]
[SourceVersion "1"]
[SourceVersionDate "2021.10.24"]
[SourceQuality "1"]

1. e4 e5 2. Nf3 Nc6 3. Bb5 a6 4. Bxc6 dxc6 5. 0-0 Ne7 6. Nxe5 Qd4 7. Qh5 g6 8. Nf3 Qxe4 9. Nc3 Bg7 10. Nxe4 gxh5 11. h3 Bf5 12. Re1 Bg6 13. d3 0-0 14. Re2 b6 15. c3 Rfe8 16. Bd2 f6 17. d4 Nd5 18. Rae1 a5 19. g4 b5 20. Nh4 Bf8 21. f4 Rxe4 22. Rxe4 Bxe4 23. Rxe4 hxg4 24. hxg4 c5 25. dxc5 Bxc5+ 26. Kg2 Rd8 27. Nf5 Kf7 28. c4 Nb6 29. Be3 Bxe3 30. Rxe3 Nxc4 31. Re7+ 1/2-1/2

[Event "CP-2016-Q-00009"]
[Site "LSS email"]
[Date "2016.11.23"]
[Round "?"]
[White "Kurowski, Andrzej"]
[Black "Colibaba, Alexandr"]
[Result "1/2-1/2"]
[WhiteElo "2109"]
[BlackElo "2278"]
[PlyCount "49"]
[EventDate "2016.12.01"]
[EventType "tourn (corr)"]
[EventRounds "6"]
[EventCountry "GER"]
[SourceTitle "Corr 2022"]
[Source "ChessBase"]
[SourceDate "2021.10.24"]
[SourceVersion "1"]
[SourceVersionDate "2021.10.24"]
[SourceQuality "1"]

1. d4 d5 2. Nf3 Nc6 3. c4 Bg4 4. Nc3 e6 5. cxd5 exd5 6. Bf4 Nf6 7. e3 Bb4 8. Be2 Ne4 9. Qc2 0-0 10. 0-0 Re8 11. h3 Bf5 12. Bd3 Ba5 13. a3 Bxc3 14. bxc3 Na5 15. Ne5 f6 16. f3 fxe5 17. dxe5 Qd7 18. fxe4 Bxe4 19. Bxe4 dxe4 20. Qxe4 Qe6 21. Rad1 b6 22. Qd5 Qxd5 23. Rxd5 Rad8 24. e4 Nb7 25. e6 1/2-1/2

[Event "CP-2016-P-00022"]
[Site "LSS email"]
[Date "2016.09.27"]
[Round "?"]
[White "Colibaba, Alexandr"]
[Black "Fayez Hosney, Mohammed"]
[Result "1-0"]
[WhiteElo "2270"]
[BlackElo "1600"]
[PlyCount "110"]
[EventDate "2016.10.01"]
[EventType "tourn (corr)"]
[EventRounds "6"]
[EventCountry "GER"]
[SourceTitle "Corr 2022"]
[Source "ChessBase"]
[SourceDate "2021.10.24"]
[SourceVersion "1"]
[SourceVersionDate "2021.10.24"]
[SourceQuality "1"]

1. d4 d5 2. c4 e6 3. Nf3 c5 4. cxd5 exd5 5. Bg5 Be7 6. Bxe7 Nxe7 7. dxc5 0-0 8. e3 Qa5+ 9. Nc3 Qxc5 10. Bd3 Nbc6 11. 0-0 h6 12. h3 Rd8 13. Rc1 Bf5 14. Bxf5 Nxf5 15. Qd3 Nfe7 16. Rfd1 Rac8 17. Rd2 Rd7 18. Rcd1 Rcd8 19. Ne2 Ng6 20. Nfd4 Nge5 21. Qc2 Qd6 22. Nf4 Qf6 23. Qc5 Qg5 24. Kh1 Qh4 25. Nxc6 bxc6 26. b3 Re8 27. Rc2 Qf6 28. Rd4 Qf5 29. Rcd2 Rb7 30. Ra4 Ree7 31. Qc2 Qf6 32. Nd3 Nxd3 33. Rxd3 Qd6 34. Rc3 Re6 35. Rc5 Rf6 36. Rca5 Qe7 37. Kg1 Rg6 38. g3 Qd7 39. Kg2 Re6 40. Ra6 Rc7 41. Qc5 Re7 42. Rg4 Kh7 43. Rb4 Re6 44. Ra5 f5 45. Rb8 Re8 46. Rxe8 Qxe8 47. Kh2 Qe7 48. Qxe7 Rxe7 49. Kg2 g5 50. Kf3 Kg6 51. Ra6 Rc7 52. b4 Kh5 53. Kg2 g4 54. h4 Kg6 55. b5 Kf6 1-0

[Event "CP-2016-P-00022"]
[Site "LSS email"]
[Date "2016.09.27"]
[Round "?"]
[White "Colibaba, Alexandr"]
[Black "Mashchenko, Vladimir"]
[Result "1/2-1/2"]
[WhiteElo "2270"]
[BlackElo "2298"]
[PlyCount "45"]
[EventDate "2016.10.01"]
[EventType "tourn (corr)"]
[EventRounds "6"]
[EventCountry "GER"]
[SourceTitle "Corr 2022"]
[Source "ChessBase"]
[SourceDate "2021.10.24"]
[SourceVersion "1"]
[SourceVersionDate "2021.10.24"]
[SourceQuality "1"]

1. d4 Nf6 2. c4 e6 3. Nf3 b6 4. g3 Ba6 5. Qc2 c5 6. d5 exd5 7. cxd5 Bb7 8. Bg2 Nxd5 9. 0-0 Nc6 10. Rd1 Be7 11. Qf5 Nf6 12. e4 g6 13. Qf4 0-0 14. e5 Nh5 15. Qg4 Qb8 16. Nc3 Nxe5 17. Nxe5 Bxg2 18. Nxd7 Qb7 19. Nxf8 Nf6 20. Qh4 Nh5 21. Qg4 Nf6 22. Qh4 Nh5 23. Qg4 1/2-1/2

[Event "CP-2016-P-00022"]
[Site "LSS email"]
[Date "2016.09.27"]
[Round "?"]
[White "Colibaba, Alexandr"]
[Black "Meljnikova, Ekaterina"]
[Result "1/2-1/2"]
[WhiteElo "2270"]
[BlackElo "1948"]
[PlyCount "45"]
[EventDate "2016.10.01"]
[EventType "tourn (corr)"]
[EventRounds "6"]
[EventCountry "GER"]
[SourceTitle "Corr 2022"]
[Source "ChessBase"]
[SourceDate "2021.10.24"]
[SourceVersion "1"]
[SourceVersionDate "2021.10.24"]
[SourceQuality "1"]

1. d4 Nf6 2. c4 e6 3. Nf3 b6 4. g3 Be7 5. Bg2 0-0 6. Ne5 c6 7. 0-0 d5 8. Nc3 Ba6 9. Qa4 Qe8 10. b3 Bb7 11. Ba3 a5 12. Bxe7 Qxe7 13. Rac1 g6 14. Rfd1 Nfd7 15. Nxd7 Nxd7 16. Nb1 Nf6 17. h4 Rfc8 18. e3 Kg7 19. Qa3 Qxa3 20. Nxa3 Ba6 21. Bf1 h5 22. cxd5 Bxf1 23. Kxf1 1/2-1/2

[Event "CP-2016-P-00022"]
[Site "LSS email"]
[Date "2016.09.27"]
[Round "?"]
[White "Zeitler, Karl"]
[Black "Colibaba, Alexandr"]
[Result "1/2-1/2"]
[WhiteElo "2096"]
[BlackElo "2270"]
[PlyCount "61"]
[EventDate "2016.10.01"]
[EventType "tourn (corr)"]
[EventRounds "6"]
[EventCountry "GER"]
[SourceTitle "Corr 2022"]
[Source "ChessBase"]
[SourceDate "2021.10.24"]
[SourceVersion "1"]
[SourceVersionDate "2021.10.24"]
[SourceQuality "1"]

1. e4 c5 2. Nf3 d6 3. d4 cxd4 4. Nxd4 Nf6 5. Nc3 a6 6. Be3 Ng4 7. Bg5 h6 8. Bh4 g5 9. Bg3 Bg7 10. h3 Ne5 11. f3 Nec6 12. Bf2 Be5 13. Qd2 Nxd4 14. Bxd4 Bg3+ 15. Bf2 Bxf2+ 16. Qxf2 Be6 17. 0-0-0 Nd7 18. Kb1 Rc8 19. h4 Rg8 20. Nd5 Qa5 21. hxg5 hxg5 22. c3 Qc5 23. Qe1 Kd8 24. Rd4 Ne5 25. Qg3 Kd7 26. Rh5 f6 27. Rh7 Bxd5 28. exd5 Rce8 29. Qh3+ Kd8 30. Be2 Qc8 31. Qxc8+ 1/2-1/2

[Event "BI-2016-F-0000"]
[Site "LSS email"]
[Date "2016.02.14"]
[Round "?"]
[White "Colibaba, Alexandr"]
[Black "Kudr, Roman"]
[Result "1/2-1/2"]
[WhiteElo "2237"]
[BlackElo "2106"]
[PlyCount "105"]
[EventDate "2016.02.20"]
[EventType "tourn (corr)"]
[EventRounds "10"]
[EventCountry "GER"]
[SourceTitle "Corr 2022"]
[Source "ChessBase"]
[SourceDate "2021.10.24"]
[SourceVersion "1"]
[SourceVersionDate "2021.10.24"]
[SourceQuality "1"]

1. e4 e5 2. Nf3 Nc6 3. Bc4 Bc5 4. 0-0 d6 5. c3 Nf6 6. d3 a6 7. Bb3 0-0 8. Re1 Ba7 9. h3 h6 10. Nbd2 Nh5 11. Nf1 Qf6 12. Be3 Bxe3 13. Nxe3 Nf4 14. Kh2 Be6 15. Bc2 Ne7 16. d4 Rfd8 17. h4 c5 18. d5 Bd7 19. g3 Nh5 20. a4 b5 21. Qe2 Qg6 22. Nd2 Nf6 23. Kg1 Ng4 24. Ndf1 h5 25. axb5 axb5 26. Reb1 Nf6 27. Qe1 Qh6 28. Rxa8 Rxa8 29. Ra1 Rb8 30. c4 b4 31. Ra6 Ne8 32. Qd1 g6 33. Qa1 Qf8 34. Qa5 Nc8 35. Qd8 Rb7 36. f4 Rc7 37. fxe5 dxe5 38. g4 hxg4 39. Nh2 b3 40. Bd3 g3 41. Nhg4 Bxg4 42. Nxg4 Qe7 43. Qxe7 Rxe7 44. Kg2 Ncd6 45. Kxg3 Kg7 46. Ne3 Rb7 47. Nf1 Kf8 48. Nd2 f5 49. Kf3 Ke7 50. Rc6 Ra7 51. Bb1 Kd8 52. Kg3 Ra1 53. exf5 1/2-1/2

[Event "BI-2016-F-0000"]
[Site "LSS email"]
[Date "2016.02.14"]
[Round "?"]
[White "Kahl, Fred"]
[Black "Colibaba, Alexandr"]
[Result "1/2-1/2"]
[WhiteElo "2355"]
[BlackElo "2237"]
[PlyCount "66"]
[EventDate "2016.02.20"]
[EventType "tourn (corr)"]
[EventRounds "10"]
[EventCountry "GER"]
[SourceTitle "Corr 2022"]
[Source "ChessBase"]
[SourceDate "2021.10.24"]
[SourceVersion "1"]
[SourceVersionDate "2021.10.24"]
[SourceQuality "1"]

1. e4 c5 2. Nf3 d6 3. Bb5+ Bd7 4. Bxd7+ Qxd7 5. c4 Nf6 6. Nc3 g6 7. d4 cxd4 8. Nxd4 Bg7 9. f3 Qc7 10. b3 Qa5 11. Bb2 Nc6 12. 0-0 0-0 13. Nce2 a6 14. Kh1 Nxd4 15. Nxd4 Nd7 16. Qc2 Rfc8 17. a4 Qb6 18. Rfd1 Nc5 19. a5 Qd8 20. Bc3 b6 21. axb6 Qxb6 22. Ra3 Rab8 23. Rb1 Nd7 24. Rd1 Nc5 25. Qa2 Qc7 26. Ne2 Bxc3 27. Nxc3 e6 28. h3 Rb4 29. Na4 Rd8 30. Nxc5 dxc5 31. Qa1 Rxd1+ 32. Qxd1 Qb6 33. Qd3 Qb8 1/2-1/2

[Event "BI-2016-F-0000"]
[Site "LSS email"]
[Date "2016.02.14"]
[Round "?"]
[White "Osipov, AleksNdr"]
[Black "Colibaba, Alexandr"]
[Result "1/2-1/2"]
[WhiteElo "2075"]
[BlackElo "2237"]
[PlyCount "83"]
[EventDate "2016.02.20"]
[EventType "tourn (corr)"]
[EventRounds "10"]
[EventCountry "GER"]
[SourceTitle "Corr 2022"]
[Source "ChessBase"]
[SourceDate "2021.10.24"]
[SourceVersion "1"]
[SourceVersionDate "2021.10.24"]
[SourceQuality "1"]

1. d4 Nf6 2. c4 g6 3. Nc3 Bg7 4. e4 d6 5. Nf3 0-0 6. Be2 e5 7. 0-0 exd4 8. Nxd4 Re8 9. f3 Nc6 10. Be3 Nh5 11. Qd2 Nf4 12. Rf2 Nxe2+ 13. Ndxe2 a5 14. a4 Nb4 15. b3 Bd7 16. Bd4 Bxd4 17. Nxd4 Na6 18. Rd1 Nc5 19. Qf4 Be6 20. h4 c6 21. Re2 Bc8 22. h5 Qe7 23. hxg6 fxg6 24. Qe3 Bd7 25. Red2 Rad8 26. Nc2 Bc8 27. Ne2 Rf8 28. Qc3 g5 29. Ned4 g4 30. Qxa5 gxf3 31. gxf3 Kh8 32. Qc3 Rg8+ 33. Kh1 Qf6 34. Rh2 Rg3 35. Qa1 Rdg8 36. b4 Na6 37. b5 Nc5 38. bxc6 bxc6 39. a5 Bh3 40. Ne3 Qe5 41. Rb1 Nxe4 42. fxe4 1/2-1/2